500 Suosituinta naisten nimeä Suomessa - Statistics

Yleistilastot
  • Tätä visaa on pelattu 1 834 kertaa
  • Keskiarvotulos 234 / 500
Vastaustilastot
Nimi % Oikein
Anni
93%
Mari
92%
Anna
89%
Maria
86%
Mariia
86%
Anne
83%
Liisa
83%
Lisa
83%
Marja
83%
Aada
81%
Ada
81%
Emma
81%
Aino
79%
Hanna
79%
Saara
79%
Sara
79%
Elli
78%
Jenni
78%
Jenny
78%
Emmi
77%
Ida
77%
Iida
77%
Olivia
77%
Elin
76%
Emilia
76%
Kaisa
76%
Minna
76%
Sanna
76%
Eliisa
75%
Elisa
75%
Ella
75%
Maija
75%
Tuuli
75%
Sofia
74%
Johanna
73%
Juulia
73%
Niina
73%
Nina
73%
Tiina
73%
Helmi
72%
Leena
72%
Lena
72%
Sanni
72%
Enni
71%
Iina
71%
Jenna
71%
Julia
71%
Laura
71%
Venla
71%
Noora
69%
Nora
69%
Vilma
69%
Wilma
69%
Elina
68%
Katri
68%
Sari
68%
Eeva
67%
Eva
67%
Hilma
67%
Jaana
67%
Jonna
67%
Lotta
67%
Mia
67%
Miia
67%
Milla
67%
Paula
67%
Tia
67%
Ulla
67%
Veera
67%
Vera
67%
Viivi
67%
Aliisa
66%
Alisa
66%
Liina
66%
Pirjo
66%
Riina
66%
Ava
65%
Kerttu
65%
Lilja
65%
Meri
65%
Oona
65%
Pia
65%
Piia
65%
Pinja
65%
Riitta
65%
Aliina
64%
Alina
64%
Anneli
64%
Annika
64%
Hanne
64%
Heidi
64%
Helen
64%
Katariina
64%
Katarina
64%
Riikka
64%
Siiri
64%
Aava
63%
Anniina
63%
Annina
63%
Essi
63%
Raija
63%
Tiia
63%
Christina
62%
Elsa
62%
Ilona
62%
Kia
62%
Kiia
62%
Kristiina
62%
Kristina
62%
Miina
62%
Nea
62%
Neea
62%
Nella
62%
Nelli
62%
Päivi
62%
Ronja
62%
Eevi
61%
Linnea
61%
Merja
61%
Mona
61%
Moona
61%
Sonja
61%
Susan
61%
Tarja
61%
Alma
60%
Amanda
60%
Elle
60%
Kiira
60%
Kirsi
60%
Sini
60%
Susanna
60%
Erika
59%
Hannele
59%
Heleena
59%
Helena
59%
Henna
59%
Hilla
59%
Inka
59%
Pauliina
59%
Silja
59%
Carolina
58%
Eveliina
58%
Evelina
58%
Heli
58%
Karoliina
58%
Karolina
58%
Mirja
58%
Ritva
58%
Viola
58%
Arja
57%
Ellen
57%
Jasmin
57%
Kaija
57%
Karin
57%
Milja
57%
Pirkko
57%
Roosa
57%
Rosa
57%
Salla
57%
Tuija
57%
Annikki
56%
Janna
56%
Lumi
56%
Pihla
56%
Fanni
55%
Fanny
55%
Kati
55%
Katja
55%
Katriina
55%
Maaret
55%
Maarit
55%
Marjatta
55%
Mira
55%
Tanja
55%
Asta
54%
Elvi
54%
Iiris
54%
Iris
54%
Leila
54%
Saana
54%
Seija
54%
Tuula
54%
Aila
53%
Aili
53%
Janika
53%
Krista
53%
Laila
53%
Martta
53%
Peppi
53%
Tuulia
53%
Tuulikki
53%
Carina
52%
Eija
52%
Enna
52%
Irma
52%
Isla
52%
Satu
52%
Suvi
52%
Teija
52%
Vilja
52%
Aurora
51%
Elsi
51%
Fiona
51%
Hertta
51%
Hilda
51%
Kaarina
51%
Kirsti
51%
Maisa
51%
Miisa
51%
Olga
51%
Sirpa
51%
Alli
50%
Eerika
50%
Eila
50%
Erja
50%
Jessica
50%
Marika
50%
Senni
50%
Taina
50%
Anja
49%
Iisa
49%
Janina
49%
Matilda
49%
Petra
49%
Saija
49%
Anu
48%
Elisabet
48%
Elisabeth
48%
Elizabeth
48%
Heini
48%
Irmeli
48%
Jemina
48%
Jutta
48%
Linda
48%
Maiju
48%
Marianne
48%
Marjaana
48%
Meeri
48%
Terhi
48%
Aleksandra
47%
Alexandra
47%
Birgit
47%
Elma
47%
Maritta
47%
Mila
47%
Minja
47%
Oili
47%
Raisa
47%
Reetta
47%
Saimi
47%
Senja
47%
Sirkka
47%
Anita
46%
Anitta
46%
Annukka
46%
Daniela
46%
Inkeri
46%
Joanna
46%
Lilli
46%
Marjo
46%
Mervi
46%
Seela
46%
Selma
46%
Sinikka
46%
Sylvi
46%
Armi
45%
Aune
45%
Hilja
45%
Hilkka
45%
Irja
45%
Janita
45%
Lea
45%
Leea
45%
Marita
45%
Minea
45%
Minttu
45%
Outi
45%
Taru
45%
Aura
44%
Elviira
44%
Elvira
44%
Iines
44%
Jasmiina
44%
Loviisa
44%
Lovisa
44%
Lydia
44%
Lyydia
44%
Marjut
44%
Melina
44%
Netta
44%
Orvokki
44%
Reija
44%
Soile
44%
Tytti
44%
Aija
43%
Airi
43%
Amalia
43%
Isabel
43%
Jade
43%
Josefiina
43%
Josefina
43%
Maaria
43%
Marianna
43%
Päivikki
43%
Pilvi
43%
Saaga
43%
Saga
43%
Salli
43%
Terttu
43%
Tilda
43%
Birgitta
42%
Ester
42%
Heta
42%
Mirjam
42%
Onerva
42%
Helinä
41%
Kaisla
41%
Kaisu
41%
Mea
41%
Ninni
41%
Raili
41%
Taija
41%
Vilhelmiina
41%
Wilhelmiina
41%
Wilhelmina
41%
Aini
40%
Aira
40%
Eini
40%
Hillevi
40%
Irene
40%
Isabella
40%
Marjukka
40%
Melissa
40%
Säde
40%
Saima
40%
Tyyne
40%
Adele
39%
Auli
39%
Erin
39%
Helga
39%
Helka
39%
Helmiina
39%
Henriikka
39%
Iita
39%
Sisko
39%
Amelia
38%
Camilla
38%
Erica
38%
Kyllikki
38%
Mirjami
38%
Saila
38%
Unelma
38%
Vanessa
38%
Virpi
38%
Carita
37%
Elena
37%
Irina
37%
Janette
37%
Karita
37%
Soili
37%
Susanne
37%
Taika
37%
Anette
36%
Annette
36%
Mimosa
36%
Mirka
36%
Reeta
36%
Taimi
36%
Tellervo
36%
Eira
35%
Esteri
35%
Sirkku
35%
Stella
35%
Titta
35%
Vappu
35%
Varpu
35%
Vuokko
35%
Aida
34%
Heljä
34%
Hellevi
34%
Helvi
34%
Lahja
34%
Maila
34%
Marketta
34%
Matleena
34%
Rauha
34%
Selina
34%
Elise
33%
Else
33%
Ira
33%
Lyyli
33%
Maire
33%
Mirella
33%
Pirita
33%
Sandra
33%
Sylvia
33%
Teresa
33%
Tuire
33%
Cecilia
32%
Eleonoora
32%
Eleonora
32%
Mette
32%
Rita
32%
Tea
32%
Lilia
31%
Mirva
31%
Ursula
31%
Virve
31%
Anna-Liisa
30%
Aulikki
30%
Inna
30%
Lempi
30%
Alva
29%
Anelma
29%
Rauni
29%
Rebecca
29%
Rebekka
29%
Vieno
29%
Edith
28%
Helli
28%
Inari
28%
Margareta
28%
Margaretha
28%
Sanelma
28%
Stina
28%
Adalmiina
27%
Anne-Mari
27%
Victoria
27%
Viktoria
27%
Eine
26%
Elea
26%
Livia
26%
Vivian
26%
Frida
25%
Justiina
25%
Marja-Liisa
25%
Mikaela
25%
Sointu
25%
Toini
25%
Diana
24%
Henrietta
24%
Marja-Leena
24%
Neela
24%
Lilian
23%
Luna
23%
Margit
23%
Salme
23%
Talvikki
23%
Annele
22%
Monica
22%
Monika
22%
Piritta
21%
Kanerva
20%
Marie
20%
Raakel
20%
Valpuri
20%
Vanamo
20%
Anna-Maija
19%
Marina
19%
Martina
19%
Natalia
19%
Amelie
18%
Charlotta
18%
Greta
18%
Hellin
18%
Veronica
18%
Anna-Kaisa
17%
Charlotte
17%
Helene
17%
Inga
17%
Marleena
16%
Riitta-Liisa
16%
Astrid
15%
Anna-Maria
14%
Ulrika
14%
Eliina
13%
Marja-Terttu
13%
Sirkka-Liisa
13%
Alice
12%
Anastasia
12%
Brita
12%
Jasmine
12%
Ulla-Maija
12%
Eeva-Liisa
11%
Gunilla
11%
Ingrid
11%
Maija-Liisa
11%
Regina
11%
Sofie
11%
Harriet
10%
Kerstin
10%
Patricia
10%
Aurelia
9%
Carola
9%
Christine
9%
Thi
9%
Ingeborg
8%
Inger
8%
Louise
8%
Solveig
8%
Ehtoja vastaavia visoja ei löytynyt
Tulosjakauma
Jokaisen tuloksen saaneiden osuus
Persentiili vastausten määrän mukaan
Tuloshistoriasi
Et ole pelannut tätä visaa